(Record no. 188707)

MARC details
000 -LEADER
fixed length control field 00530nam a2200145Ia 4500
041 ## - LANGUAGE CODE
Language code of text/sound track or separate title Arabic
082 ## - DEWEY DECIMAL CLASSIFICATION NUMBER
Classification number 346 cut-495 ت
100 ## - MAIN ENTRY--PERSONAL NAME
Personal name 20260118u\\\\\\\\\\\y0engy0103\\\\ba
Personal name د.محمد جلال حسن الاتروشی
245 #0 - TITLE STATEMENT
Title الوجيز في الجنسية دراسة في ضوء احكام قانون الجنسية العراقي النافذ رقم ٢٦ لسنة ٢٠٠٦
250 ## - EDITION STATEMENT
Edition statement ط1
260 ## - PUBLICATION, DISTRIBUTION, ETC. (IMPRINT)
Name of publisher, distributor, etc مطبعة يادگار
Place of publication, distribution, etc سليمانية - العراق
Date of publication, distribution, etc 2015
300 ## - PHYSICAL DESCRIPTION
Extent 196
942 ## - ADDED ENTRY ELEMENTS (KOHA)
Koha item type Books
Holdings
Withdrawn status Lost status Damaged status Not for loan Collection code Home library Current library Shelving location Date acquired Total Checkouts Full call number Barcode Date last seen Copy number Price effective from Koha item type
          Koya University Central Library Koya University Central Library Books 18/01/2026   346 cut-495 ت 0000092760 18/01/2026 1 18/01/2026 Books